Green Day Songs - Statistics

General Stats
  • This quiz has been taken 263 times
  • The average score is 75 of 190
Answer Stats
Album Song % Correct
American Idiot American Idiot
91%
Dookie Basket Case
85%
American Idiot Jesus Of Suburbia
84%
Dookie She
84%
American Idiot Boulevard Of Broken Dreams
83%
American Idiot Holiday
83%
Dookie When I Come Around
77%
Dookie | Kerplunk Welcome To Paradise
76%
Dookie Longview
75%
Insomniac Brain Stew
74%
Warning Warning
74%
21st Century Breakdown 21 Guns
72%
Nimrod Good Riddance (Time Of Your Life)
72%
American Idiot St. Jimmy
72%
American Idiot Wake Me Up When September Ends
71%
Dookie Burnout
68%
21st Century Breakdown 21st Century Breakdown
65%
American Idiot Are We The Waiting
65%
Nimrod Hitchin' A Ride
65%
American Idiot Homecoming
65%
Insomniac Jaded
65%
American Idiot Letterbomb
65%
American Idiot She's A Rebel
65%
American Idiot Whatsername
65%
Warning Waiting
64%
Dookie F.O.D.
63%
Warning Minority
63%
American Idiot Give Me Novacaine
62%
Dookie Sassafras Roots
60%
DookieDookieDookie Chump
59%
American Idiot Extraordinary Girl
59%
Nimrod Nice Guys Finish Last
59%
Dookie Having A Blast
57%
Kerplunk 2000 Light Years Away
54%
Insomniac 86
54%
Dookie All By Myself
54%
Dookie Coming Clean
54%
Nimrod King For A Day
54%
21st Century Breakdown Know Your Enemy
54%
Warning Macy's Day Parade
54%
Dookie Pulling Teeth
54%
Nimrod Redundant
54%
Insomniac Walking Contradiction
54%
Dookie In The End
53%
21st Century Breakdown ¡Viva La Gloria!
53%
21st Century Breakdown ¿Viva La Gloria? (Little Girl)
52%
Dookie Emenius Sleepus
51%
Insomniac Geek Stink Breath
51%
Kerplunk 80
50%
1,039/Smoothed Out Slappy Hours At The Library
49%
1,039/Smoothed Out Slappy Hours Green Day
49%
Nimrod Platypus (I Hate You)
49%
Insomniac Brat
48%
Kerplunk Christie Road
46%
1,039/Smoothed Out Slappy Hours Rest
46%
Nimrod Scattered
46%
Nimrod The Grouch
46%
1,039/Smoothed Out Slappy Hours Paper Lanterns
45%
Warning Church On Sunday
44%
¡Uno! Nuclear Family
44%
¡Uno! Oh Love
44%
Warning Blood, Sex and Booze
43%
Warning Castaway
43%
¡Uno! Kill The DJ
43%
Kerplunk Dominated Love Slave
42%
21st Century Breakdown East Jesus Nowhere
42%
¡Dos! Fuck Time
42%
Insomniac Panic Song
42%
21st Century Breakdown Song Of The Century
42%
Insomniac Armatage Shanks
41%
Kerplunk One For The Razorbacks
41%
Nimrod Haushinka
40%
21st Century Breakdown Last Night On Earth
40%
Nimrod Prosthetic Head
40%
Insomniac Stuart And The Ave.
40%
21st Century Breakdown American Eulogy
38%
Insomniac Bab's Uvula Who?
38%
International Superhits J.A.R. (Jason Andrew Relva)
38%
Nimrod Jinx
38%
21st Century Breakdown Last Of The American Girls
38%
International Superhits Maria
38%
Kerplunk My Generation
38%
Insomniac Stuck With Me
38%
Kerplunk Sweet Children
38%
Nimrod Uptight
38%
Kerplunk Android
37%
Nimrod Last Ride In
37%
¡Uno! Let Yourself Go
37%
Kerplunk One Of My Lies
37%
21st Century Breakdown See The Light
37%
Kerplunk Who Wrote Holden Caulfield?
37%
1,039/Smoothed Out Slappy Hours 16
36%
1,039/Smoothed Out Slappy Hours 409 In Your Coffee Maker
36%
¡Dos! Amy
35%
21st Century Breakdown Christian's Inferno
35%
1,039/Smoothed Out Slappy Hours Don't Leave Me
35%
1,039/Smoothed Out Slappy Hours Going To Pasalacqua
35%
Warning Misery
35%
21st Century Breakdown Murder City
35%
¡Dos! Stray Heart
35%
Nimrod Take Back
35%
1,039/Smoothed Out Slappy Hours The Judge's Daughter
35%
Nimrod Worry Rock
35%
Nimrod All The Time
34%
21st Century Breakdown Before The Lobotomy
34%
1,039/Smoothed Out Slappy Hours I Was There
34%
¡Tré! X-Kid
34%
¡Tré! Amanda
33%
1,039/Smoothed Out Slappy Hours Dry Ice
33%
Warning Fashion Victim
33%
Shenanigans Ha Ha You're Dead
33%
Warning Jackass
33%
21st Century Breakdown Restless Heart Syndrome
33%
Insomniac Tight Wad Hill
33%
1,039/Smoothed Out Slappy Hours 1,000 Hours
32%
Warning Deadbeat Holiday
32%
1,039/Smoothed Out Slappy Hours Knowledge
32%
21st Century Breakdown Peacemaker
32%
Nimrod Reject
32%
Insomniac Westbound Sign
32%
1,039/Smoothed Out Slappy Hours Why Do You Want Him?
32%
Kerplunk Words I Might Have Ate
32%
¡Tré! 99 Revolutions
31%
21st Century Breakdown Horseshoes And Handgrenades
31%
Kerplunk No One Knows
31%
Kerplunk Private Ale
31%
Nimrod Walking Alone
31%
1,039/Smoothed Out Slappy Hours Disappearing Boy
30%
American Idiot Governator
30%
American Idiot Shoplifter
30%
¡Uno! Stay The Night
30%
Kerplunk Best Thing In Town
29%
¡Tré! Dirty Rotten Bastards
29%
Warning Hold On
29%
Insomniac No Pride
29%
21st Century Breakdown The Static Age
29%
1,039/Smoothed Out Slappy Hours I Want To Be Alone
28%
1,039/Smoothed Out Slappy Hours Road To Acceptance
28%
¡Tré! Brutal Love
27%
1,039/Smoothed Out Slappy Hours Only Of You
27%
¡Uno! Rusty James
27%
American Idiot Too Much Too Soon
27%
¡Dos! Ashley
26%
¡Uno! Carpe Diem
26%
¡Tré! The Forgotten
26%
¡Dos! Lazy Bones
25%
¡Dos! Nightlife
25%
¡Dos! Stop When The Red Lights Flash
25%
Kerplunk Strangeland
25%
¡Uno! Angel Blue
24%
¡Dos! Lady Cobra
24%
¡Tré! Sex, Drugs & Violence
24%
1,039/Smoothed Out Slappy Hours The One I Want
24%
¡Dos! Makeout Party
23%
¡Uno! Sweet 16
23%
Nimrod Desensitized
22%
Nimrod Do Da Da
21%
American Idiot Favorite Son
21%
¡Uno! Fell For You
21%
¡Tré! Missing You
21%
Bullet In A Bible Shout
21%
¡Uno! Troublemaker
21%
¡Dos! Wild One
21%
¡Dos! Wow! That's Loud
21%
¡Tré! Walk Away
20%
Shenanigans Espionage
19%
¡Uno! Loss Of Control
19%
International Superhits Poprocks & Coke
19%
¡Tré! 8th Avenue Serenade
18%
¡Tré! A Little Boy Named Train
18%
Shenanigans Scumbag
18%
¡Dos! See You Tonight
18%
¡Dos! Baby Eyes
17%
Shenanigans Outsider
17%
¡Tré! Drama Queen
16%
Shenanigans Rotting
16%
Nimrod Suffocate
16%
Shenanigans Tired Of Waiting For You
16%
Nimrod You Lied
16%
Insomniac I Wanna Be On T.V.
15%
Shenanigans On The Wagon
15%
21st Century Breakdown Lights Out
13%
Shenanigans Sick Of Me
13%
Demolicious State Of Shock
12%
Shenanigans Don't Wanna Fall In Love
10%
21st Century Breakdown A Quick One, While He's Away
6%
21st Century Breakdown Another State Of Mind
4%
21st Century Breakdown Like A Rolling Stone
4%
21st Century Breakdown That's All Right
4%
No matching quizzes found
Score Distribution
Percent of People with Each Score
Percentile by Number Answered
Your Score History
You have not taken this quiz